| 000 | 00975nam0a22002411i 4500 | ||
|---|---|---|---|
| 001 | rc\281493 | ||
| 005 | 20240726042049.0 | ||
| 035 | _a(NLR Aleph) 005508629 | ||
| 090 |
_a5382362 _c5382362 |
||
| 100 | _a20030307d1990 u |0rusy50 ca | ||
| 101 | 0 | _arus | |
| 102 | _aRU | ||
| 105 | _ay ||||||||| | ||
| 200 | 1 |
_aТворчество М. Горького и польская литература 1890-1918 гг. _e(Восприятие. Влияние. Типология) _eАвтореф. дис. на соиск. учен. степ. д-ра филол. наук _e(10.01.04; 10.01.02) _fМГУ им. М.В. Ломоносова. Филол. фак. |
|
| 210 |
_aМ. _d1990 |
||
| 215 | _a34 с. | ||
| 320 | _aБиблиогр.: с. 33-34 (9 назв.) | ||
| 600 | 1 |
_aГорький _bМ. _gМаксим _2psbo |
|
| 700 | 1 |
_aОцхели _bВ.И. _f1940- _gВера Ивановна |
|
| 801 | 0 |
_aRU _bNLR _gpsbo |
|
| 801 | 1 |
_aRU _bELAR _2rusmarc |
|
| 852 |
_aNLR _jА90/5767 |
||
| 942 | _cBOOK | ||